[Event "CCM2 - 9. ORDIX Open"]
[Site "Mainz"]
[Date "2002.??.??"]
[Round "6"]
[White "Bologan, Viktor"]
[Black "Chuchelov, Vladimir"]
[Result "1-0"]
[WhiteElo "2631"]
[BlackElo "2593"]
[PlyCount "61"]
[EventDate "2002.??.??"]
[EventType "tourn (rapid)"]
[EventRounds "11"]
[EventCountry "GER"]
[Source "Mike Rosa"]
[SourceDate "2009.01.01"]

1. e4 c5 2. Nf3 e6 3. d4 cxd4 4. Nxd4 a6 5. Nc3 b5 6. Bd3 Qb6 7. Nf3 Qc7 8. O-O
Bb7 9. Re1 Bc5 10. Bg5 f6 11. Bh4 Ne7 12. Bg3 Qd8 13. a3 Nbc6 14. b4 Ba7 15.
Rb1 Rc8 16. Ne2 O-O 17. c4 bxc4 18. Bxc4 f5 19. Bd3 fxe4 20. Bxe4 Nf5 21. Qd3
Kh8 22. Rbd1 Qb6 23. Bxf5 exf5 24. Nf4 Nb8 25. Ne5 d6 26. Nc4 Qc6 27. Na5 Qb6
28. Nxb7 Qxb7 29. Ne6 Rf6 30. Qxd6 Nc6 31. Nd8 1-0

[Event "CCM2 - 9. ORDIX Open"]
[Site "Mainz"]
[Date "2002.??.??"]
[Round "6"]
[White "Dautov, Rustem"]
[Black "Glek, Igor"]
[Result "1/2-1/2"]
[WhiteElo "2614"]
[BlackElo "2591"]
[PlyCount "59"]
[EventDate "2002.??.??"]
[EventType "tourn (rapid)"]
[EventRounds "11"]
[EventCountry "GER"]
[Source "Mike Rosa"]
[SourceDate "2009.01.01"]

1. d4 Nf6 2. c4 g6 3. g3 Bg7 4. Bg2 c6 5. Nf3 d5 6. Nbd2 O-O 7. O-O a5 8. b3
Ne4 9. Bb2 a4 10. Nxe4 dxe4 11. Ne1 f5 12. Nc2 Nd7 13. b4 e5 14. Rc1 Nb6 15. c5
Nc4 16. Bc3 a3 17. dxe5 Qc7 18. Nd4 Nxe5 19. Qb3+ Qf7 20. Qxf7+ Kxf7 21. Rc2
Be6 22. Nxe6 Kxe6 23. f4 exf3 24. exf3 Kf7 25. f4 Ng4 26. Bxg7 Kxg7 27. Rd2 Ne3
28. Rf3 Kf7 29. Kf2 Rae8 30. Rxe3 1/2-1/2

[Event "CCM2 - 9. ORDIX Open"]
[Site "Mainz"]
[Date "2002.??.??"]
[Round "6"]
[White "Doettling, Fabian"]
[Black "Motylev, Alexander"]
[Result "0-1"]
[WhiteElo "2527"]
[BlackElo "2634"]
[PlyCount "142"]
[EventDate "2002.??.??"]
[EventType "tourn (rapid)"]
[EventRounds "11"]
[EventCountry "GER"]
[Source "Mike Rosa"]
[SourceDate "2009.01.01"]

1. d4 d5 2. c4 c6 3. Nc3 Nf6 4. e3 a6 5. Qc2 Bg4 6. Nge2 Nbd7 7. h3 Bxe2 8.
Bxe2 b5 9. b3 e6 10. O-O Be7 11. Rd1 O-O 12. e4 b4 13. exd5 bxc3 14. dxc6 Nb8
15. Bf3 Qc7 16. d5 exd5 17. cxd5 Bd6 18. Be3 a5 19. Rac1 Na6 20. Qxc3 Qd8 21.
Qc4 Nc7 22. Bc5 Nfe8 23. a3 Bxc5 24. Qxc5 Nd6 25. b4 axb4 26. axb4 Rb8 27. Qd4
Re8 28. Re1 h6 29. Qf4 Re7 30. Qd2 Rxe1+ 31. Rxe1 Qh4 32. Rb1 Qc4 33. g3 Kf8
34. Kg2 Ra8 35. Qe3 Qa2 36. Rd1 Qb2 37. Qc5 Qf6 38. Rd2 Kg8 39. Qb6 Qd8 40. Re2
Rb8 41. Qa5 Rb5 42. Qa7 Rxb4 43. Rd2 Rb3 44. Qd4 Ncb5 45. Qf4 Nc7 46. Qd4 Qf8
47. Rd3 Rxd3 48. Qxd3 Qe7 49. Qd4 g6 50. h4 h5 51. Qa7 Kg7 52. Qd4+ Qf6 53. Qa7
Nde8 54. Qc5 Qd6 55. Qd4+ Nf6 56. Kg1 Kg8 57. Kg2 Nfxd5 58. Kg1 Qe6 59. Kg2 Kf8
60. Qc5+ Ne7 61. Qb6 Qd6 62. Qb8+ Kg7 63. Qb2+ Qf6 64. Qc2 Qe5 65. Qc4 Nf5 66.
Qd3 Nd6 67. Qc2 Qd4 68. Qc1 Qe5 69. Qc2 Nf5 70. Qc1 Nd4 71. Qf4 Qxf4 0-1

[Event "CCM2 - 9. ORDIX Open"]
[Site "Mainz"]
[Date "2002.??.??"]
[Round "6"]
[White "Epishin, Vladimir"]
[Black "Teske, Henrik"]
[Result "1/2-1/2"]
[WhiteElo "2643"]
[BlackElo "2529"]
[PlyCount "79"]
[EventDate "2002.??.??"]
[EventType "tourn (rapid)"]
[EventRounds "11"]
[EventCountry "GER"]
[Source "Mike Rosa"]
[SourceDate "2009.01.01"]

1. d4 d5 2. c4 e6 3. Nc3 Bb4 4. e3 Ne7 5. Nf3 O-O 6. Bd3 dxc4 7. Bxc4 c5 8. O-O
cxd4 9. exd4 Nd7 10. Bd3 b6 11. Bg5 h6 12. Bh4 Bxc3 13. bxc3 Bb7 14. Re1 Re8
15. c4 Qc7 16. Bg3 Qc6 17. Rc1 Rad8 18. Qb3 Qc8 19. Bb1 Nf8 20. d5 Nf5 21. dxe6
Rxe6 22. Rxe6 Qxe6 23. Re1 Nd4 24. Rxe6 Nxb3 25. Re1 Nc5 26. Nh4 g6 27. f4 f5
28. Bf2 Ne4 29. Bxe4 Bxe4 30. c5 bxc5 31. Bxc5 Ne6 32. Bxa7 Ra8 33. Be3 Rxa2
34. Rd1 g5 35. fxg5 hxg5 36. Nf3 g4 37. Nd2 Ba8 38. g3 Kf7 39. Kf2 Be4 40. Ra1
1/2-1/2

[Event "CCM2 - 9. ORDIX Open"]
[Site "Mainz"]
[Date "2002.??.??"]
[Round "6"]
[White "Miezis, Normunds"]
[Black "Agrest, Evgenij"]
[Result "1-0"]
[WhiteElo "2528"]
[BlackElo "2599"]
[PlyCount "87"]
[EventDate "2002.??.??"]
[EventType "tourn (rapid)"]
[EventRounds "11"]
[EventCountry "GER"]
[Source "Mike Rosa"]
[SourceDate "2009.01.01"]

1. c4 f5 2. Nc3 Nf6 3. g3 g6 4. Bg2 Bg7 5. d4 O-O 6. Nf3 d6 7. O-O c6 8. Rb1
Qe8 9. b4 e5 10. dxe5 dxe5 11. e4 Nh5 12. b5 Be6 13. Qe2 Qe7 14. exf5 Bxf5 15.
Ne4 Nd7 16. Nfd2 Nhf6 17. bxc6 bxc6 18. Rb7 Rfb8 19. Nxf6+ Qxf6 20. Ne4 Bxe4
21. Rxb8+ Rxb8 22. Qxe4 Rc8 23. Bh3 Rc7 24. Be3 Qe7 25. Rd1 Nf6 26. Qh4 Qf8 27.
Be6+ Kh8 28. Bc5 Qe8 29. Bh3 h6 30. Be3 Qf8 31. Bg2 Kh7 32. c5 Qf7 33. Rd6 e4
34. Bxh6 Bxh6 35. Rxf6 Qxa2 36. Bxe4 Rg7 37. Rxc6 Qd2 38. Kg2 Qd7 39. Qf6 Qe8
40. Re6 Qg8 41. h4 Bd2 42. h5 Bg5 43. hxg6+ Kh6 44. Qf5 1-0

[Event "CCM2 - 9. ORDIX Open"]
[Site "Mainz"]
[Date "2002.??.??"]
[Round "7"]
[White "Karpatchev, Aleksandr"]
[Black "Svidler, Peter"]
[Result "0-1"]
[WhiteElo "2496"]
[BlackElo "2750"]
[PlyCount "116"]
[EventDate "2002.??.??"]
[EventType "tourn (rapid)"]
[EventRounds "11"]
[EventCountry "GER"]
[Source "Mike Rosa"]
[SourceDate "2009.01.01"]

1. e4 c5 2. c3 Nf6 3. e5 Nd5 4. Nf3 e6 5. d4 cxd4 6. cxd4 d6 7. Bc4 Nb6 8. Bd3
Nc6 9. Bg5 Be7 10. Bxe7 Qxe7 11. Nc3 a6 12. O-O d5 13. a3 Bd7 14. Rc1 Rc8 15.
b4 O-O 16. Qc2 h6 17. Qe2 Na7 18. Nd2 Rc7 19. Rc2 Rfc8 20. Rfc1 Bb5 21. Nxb5
Rxc2 22. Rxc2 Rxc2 23. Bxc2 Nxb5 24. Qd3 Qc7 25. h4 Nxd4 26. Qh7+ Kf8 27. Bd3
Qxe5 28. Qh8+ Ke7 29. Nf1 Nc6 30. Ng3 Nc4 31. a4 Nb2 32. Bf1 Nxa4 33. b5 axb5
34. Bxb5 Nb6 35. Bd3 Nd7 36. Qa8 Nc5 37. Bb5 Qe1+ 38. Bf1 d4 39. Nh5 Qe5 40.
Ng3 Qd6 41. Nh5 g6 42. Ng7 Qd8 43. Qa3 Qa5 44. Qf3 Kf8 45. Qf6 Qd8 46. Nxe6+
Nxe6 47. Qh8+ Ke7 48. Qxh6 Qd6 49. h5 gxh5 50. Qxh5 d3 51. Qh4+ Kd7 52. Qh7 d2
53. Qxf7+ Ne7 54. Be2 d1=Q+ 55. Bxd1 Qxd1+ 56. Kh2 b5 57. Qf6 Qd4 58. Qf7 Qf4+
0-1

[Event "CCM2 - 9. ORDIX Open"]
[Site "Mainz"]
[Date "2002.??.??"]
[Round "7"]
[White "Motylev, Alexander"]
[Black "Dautov, Rustem"]
[Result "0-1"]
[WhiteElo "2634"]
[BlackElo "2614"]
[PlyCount "70"]
[EventDate "2002.??.??"]
[EventType "tourn (rapid)"]
[EventRounds "11"]
[EventCountry "GER"]
[Source "Mike Rosa"]
[SourceDate "2009.01.01"]

1. e4 c6 2. d4 d5 3. e5 Bf5 4. Nc3 h5 5. Be2 e6 6. Be3 h4 7. h3 Ne7 8. Nf3 Ng6
9. O-O Nd7 10. Bd3 Bxd3 11. Qxd3 Be7 12. Ne2 c5 13. c3 Qb6 14. b3 Rc8 15. Nh2
Qa6 16. Qd2 cxd4 17. cxd4 Ba3 18. Bg5 f6 19. exf6 gxf6 20. Nf4 Ngf8 21. Rae1
Kd8 22. Bh6 Rxh6 23. Nxe6+ Nxe6 24. Qxh6 Nxd4 25. Qxh4 Ne2+ 26. Kh1 Rc6 27. Qg4
Nc3 28. Qg8+ Kc7 29. Re8 b5 30. Rfe1 Kb7 31. Rd8 Rc7 32. Ree8 Qc6 33. Ng4 Ne4
34. g3 d4 35. Qe6 Nxf2+ 0-1

[Event "CCM2 - 9. ORDIX Open"]
[Site "Mainz"]
[Date "2002.??.??"]
[Round "7"]
[White "Tregubov, Pavel"]
[Black "Fridman, Daniel"]
[Result "0-1"]
[WhiteElo "2599"]
[BlackElo "2571"]
[PlyCount "59"]
[EventDate "2002.??.??"]
[EventType "tourn (rapid)"]
[EventRounds "11"]
[EventCountry "GER"]
[Source "Mike Rosa"]
[SourceDate "2009.01.01"]

1. d4 d5 2. c4 c6 3. Nf3 Nf6 4. e3 Bg4 5. Nc3 Bxf3 6. Qxf3 e6 7. Bd2 Nbd7 8.
cxd5 exd5 9. Bd3 Bd6 10. g4 h6 11. O-O-O Qe7 12. Qg2 O-O-O 13. f3 Nb6 14. Qe2
Bc7 15. Kb1 Kb8 16. Be1 Rhe8 17. Bf2 Nfd7 18. e4 dxe4 19. fxe4 Nf8 20. Bc2 Ne6
21. h4 c5 22. dxc5 Nxc5 23. Rxd8+ Rxd8 24. Nb5 Be5 25. Rd1 Rc8 26. Nd4 Nca4 27.
Qb5 Nxb2 28. Rc1 N2c4 29. Ka1 Qa3 30. Rd1 0-1

[Event "CCM2 - 9. ORDIX Open"]
[Site "Mainz"]
[Date "2002.??.??"]
[Round "8"]
[White "Agrest, Evgenij"]
[Black "Vaganian, Rafael"]
[Result "1/2-1/2"]
[WhiteElo "2599"]
[BlackElo "2667"]
[PlyCount "104"]
[EventDate "2002.??.??"]
[EventType "tourn (rapid)"]
[EventRounds "11"]
[EventCountry "GER"]
[Source "Mike Rosa"]
[SourceDate "2009.01.01"]

1. c4 e6 2. Nc3 d5 3. d4 Be7 4. cxd5 exd5 5. Bf4 c6 6. Qc2 Bd6 7. Bg3 Ne7 8. e3
Bf5 9. Qd2 Nc8 10. Be2 Nd7 11. Nf3 O-O 12. Nh4 Bg6 13. Nxg6 hxg6 14. f3 Qg5 15.
O-O-O Re8 16. e4 Qxd2+ 17. Rxd2 dxe4 18. fxe4 Bxg3 19. hxg3 Ncb6 20. Kb1 Rad8
21. b3 Nc5 22. dxc5 Rxd2 23. cxb6 axb6 24. Kc1 Red8 25. a4 Kf8 26. g4 Ke7 27.
g5 R8d4 28. Rh7 Kd6 29. b4 Rxe2 30. Nxe2 Rxe4 31. Kd2 Rxb4 32. Rxg7 Ke6 33. Rg8
Rxa4 34. Rb8 Rg4 35. Ke3 Rxg5 36. Rxb7 b5 37. Nd4+ Kd5 38. Rxf7 Rg3+ 39. Kf2
Rg4 40. Rd7+ Kc5 41. Ne6+ Kb6 42. Kf3 Rc4 43. Rd8 c5 44. Rg8 b4 45. Ke3 Rg4 46.
Kf3 Rc4 47. Nf4 Kb5 48. Nd3 Rd4 49. Ke3 Rd5 50. Nb2 Rg5 51. Rb8+ Kc6 52. Nd3
Rxg2 1/2-1/2

[Event "CCM2 - 9. ORDIX Open"]
[Site "Mainz"]
[Date "2002.??.??"]
[Round "8"]
[White "Bologan, Viktor"]
[Black "Dautov, Rustem"]
[Result "0-1"]
[WhiteElo "2631"]
[BlackElo "2614"]
[PlyCount "86"]
[EventDate "2002.??.??"]
[EventType "tourn (rapid)"]
[EventRounds "11"]
[EventCountry "GER"]
[Source "Mike Rosa"]
[SourceDate "2009.01.01"]

1. e4 c6 2. d4 d5 3. Nc3 dxe4 4. Nxe4 Bf5 5. Ng3 Bg6 6. h4 h6 7. Nf3 Nd7 8. h5
Bh7 9. Bd3 Bxd3 10. Qxd3 Ngf6 11. Bf4 e6 12. O-O-O Be7 13. Qe2 O-O 14. Ne5 Qa5
15. Kb1 Rfe8 16. Ne4 Nxe4 17. Qxe4 Rad8 18. c4 Nxe5 19. dxe5 Qb6 20. Be3 Qa6
21. f4 b5 22. Rc1 c5 23. g4 bxc4 24. Rxc4 Rd5 25. g5 hxg5 26. fxg5 Rxe5 27.
Qxe5 Qxc4 28. h6 Bf8 29. Ka1 Qd5 30. Qh2 Rd8 31. g6 f5 32. a3 Qb3 33. Bc1 Rd7
34. h7+ Kh8 35. Qe2 Rd6 36. Bf4 Rd4 37. Be5 Qd5 38. Qh2 Rd2 39. Qh6 Rd1+ 40.
Rxd1 Qxd1+ 41. Ka2 Qd5+ 42. Ka1 Qxe5 43. Qh1 Qf6 0-1

[Event "CCM2 - 9. ORDIX Open"]
[Site "Mainz"]
[Date "2002.??.??"]
[Round "8"]
[White "Chuchelov, Vladimir"]
[Black "Georgiev, Kiril"]
[Result "0-1"]
[WhiteElo "2593"]
[BlackElo "2660"]
[PlyCount "92"]
[EventDate "2002.??.??"]
[EventType "tourn (rapid)"]
[EventRounds "11"]
[EventCountry "GER"]
[Source "Mike Rosa"]
[SourceDate "2009.01.01"]

1. Nf3 Nf6 2. c4 c5 3. Nc3 Nc6 4. d4 cxd4 5. Nxd4 e6 6. a3 Nxd4 7. Qxd4 b6 8.
Qf4 Bb7 9. e4 d6 10. Be2 Be7 11. O-O O-O 12. Rd1 a6 13. e5 dxe5 14. Qxe5 Qc8
15. Be3 Bc6 16. Qg3 Qb7 17. Bh6 Ne8 18. Bf4 Bf6 19. Rac1 b5 20. b4 bxc4 21.
Bxc4 g6 22. Bf1 Ng7 23. Qe3 Nf5 24. Qh3 Rfd8 25. Rd3 e5 26. Bd2 e4 27. Rxd8+
Rxd8 28. Bf4 h5 29. Nd1 Bb5 30. Ne3 Nd4 31. Rc7 Qa8 32. Nc4 Ne6 33. Qb3 Nxc7
34. Bxc7 Bxc4 35. Bxc4 Rd7 36. Bf4 Kg7 37. Be3 Qd8 38. g3 Bd4 39. Bxa6 h4 40.
Kg2 Qf6 41. Be2 Bxe3 42. Qxe3 hxg3 43. hxg3 Qd4 44. Qb3 Qd2 45. Bb5 Rc7 46. Be8
Re7 0-1

[Event "CCM2 - 9. ORDIX Open"]
[Site "Mainz"]
[Date "2002.??.??"]
[Round "8"]
[White "Svidler, Peter"]
[Black "Kazhgaleyev, Murtas"]
[Result "1-0"]
[WhiteElo "2750"]
[BlackElo "2604"]
[PlyCount "115"]
[EventDate "2002.??.??"]
[EventType "tourn (rapid)"]
[EventRounds "11"]
[EventCountry "GER"]
[Source "Mike Rosa"]
[SourceDate "2009.01.01"]

1. e4 e5 2. Nf3 Nc6 3. Bb5 a6 4. Ba4 Nf6 5. O-O b5 6. Bb3 Bc5 7. a4 Rb8 8. c3
d6 9. d4 Bb6 10. a5 Ba7 11. h3 O-O 12. Be3 exd4 13. cxd4 Nb4 14. Nc3 Bb7 15.
Bg5 h6 16. Bh4 c5 17. d5 Re8 18. Re1 c4 19. Bc2 g5 20. Bg3 Nh5 21. Bh2 Nf4 22.
Bxf4 gxf4 23. Bb1 Qf6 24. Qd2 Rbc8 25. e5 Qg7 26. exd6 Rxe1+ 27. Qxe1 Nxd5 28.
Be4 Nxc3 29. Bxb7 Rb8 30. bxc3 Rxb7 31. Qe8+ Qf8 32. d7 Rb8 33. Re1 b4 34. cxb4
c3 35. Qe5 c2 36. Qxf4 Rd8 37. Qd2 Bb8 38. Qxc2 Rxd7 39. Qf5 Rd6 40. b5 axb5
41. Qxb5 Rd8 42. g3 Kg7 43. Kg2 Qd6 44. Re4 Ba7 45. Rg4+ Kf8 46. Qb2 f6 47. Qb7
Qd7 48. Qa6 Kf7 49. Rf4 Qe7 50. Nh4 Rd6 51. Qc4+ Qe6 52. Nf5 Ra6 53. Qc7+ Kf8
54. Nxh6 Qd5+ 55. Kh2 Rxa5 56. Rxf6+ Ke8 57. Qc8+ Ke7 58. Rf7+ 1-0

[Event "CCM2 - 9. ORDIX Open"]
[Site "Mainz"]
[Date "2002.??.??"]
[Round "9"]
[White "Dautov, Rustem"]
[Black "Svidler, Peter"]
[Result "1/2-1/2"]
[WhiteElo "2614"]
[BlackElo "2750"]
[PlyCount "45"]
[EventDate "2002.??.??"]
[EventType "tourn (rapid)"]
[EventRounds "11"]
[EventCountry "GER"]
[Source "Mike Rosa"]
[SourceDate "2009.01.01"]

1. d4 Nf6 2. c4 g6 3. g3 c6 4. Nf3 Bg7 5. Bg2 d5 6. Qa4 O-O 7. O-O Nbd7 8. cxd5
Nb6 9. Qb3 cxd5 10. Nc3 Ne4 11. Bf4 Nxc3 12. bxc3 Bf5 13. a4 Qd7 14. a5 Nc4 15.
Nd2 Rac8 16. Rfe1 e5 17. dxe5 Nxd2 18. Bxd2 Bxe5 19. Qxd5 Qxd5 20. Bxd5 Rfd8
21. e4 Bxe4 22. Bxe4 Rxd2 23. Bxb7 1/2-1/2

[Event "CCM2 - 9. ORDIX Open"]
[Site "Mainz"]
[Date "2002.??.??"]
[Round "9"]
[White "Georgiev, Kiril"]
[Black "Bologan, Viktor"]
[Result "0-1"]
[WhiteElo "2660"]
[BlackElo "2631"]
[PlyCount "134"]
[EventDate "2002.??.??"]
[EventType "tourn (rapid)"]
[EventRounds "11"]
[EventCountry "GER"]
[Source "Mike Rosa"]
[SourceDate "2009.01.01"]

1. d4 Nf6 2. c4 g6 3. Nf3 Bg7 4. g3 O-O 5. Bg2 d6 6. O-O c6 7. b3 Qa5 8. Qd2
Qh5 9. Nc3 Bh3 10. Qg5 Bxg2 11. Qxh5 Nxh5 12. Kxg2 c5 13. e3 Nc6 14. Rd1 f5 15.
Bb2 h6 16. Rd2 b6 17. Re1 g5 18. Nb5 Kf7 19. h3 Nf6 20. d5 Nd8 21. Bxf6 Bxf6
22. Rd3 a6 23. Na3 Kg7 24. e4 fxe4 25. Rxe4 Nf7 26. Nc2 b5 27. Ne3 Kg6 28. h4
b4 29. Ng4 a5 30. Re6 a4 31. hxg5 hxg5 32. Nd2 Nd8 33. Re1 axb3 34. axb3 Ra2
35. Ne4 Bd4 36. Rh1 Re2 37. Rh6+ Kg7 38. Nxg5 Rfxf2+ 39. Kh3 Rf1 40. Kh4 Rh1+
41. Nh3 Re4 42. Rf3 Bf6+ 43. Rhxf6 exf6 44. Rf4 Rxf4 45. gxf4 Rb1 46. Ne3 Nb7
47. Nf2 Rxb3 48. Nf5+ Kg6 49. Ne7+ Kf7 50. Nf5 Rf3 51. Ng4 Rxf4 52. Nfe3 b3 53.
Kg3 Rd4 54. Nf5 b2 55. Nxd4 cxd4 56. Nh6+ Kg6 57. Ng4 b1=Q 58. Kf4 Qf5+ 59. Kg3
Qxg4+ 60. Kxg4 Nc5 61. Kf4 f5 62. Kf3 Kg5 63. Ke2 Kf4 64. Kf2 Ke4 65. Ke2 d3+
66. Kd2 Kd4 67. Kc1 Kc3 0-1

[Event "CCM2 - 9. ORDIX Open"]
[Site "Mainz"]
[Date "2002.??.??"]
[Round "9"]
[White "Glek, Igor"]
[Black "Epishin, Vladimir"]
[Result "1-0"]
[WhiteElo "2591"]
[BlackElo "2643"]
[PlyCount "120"]
[EventDate "2002.??.??"]
[EventType "tourn (rapid)"]
[EventRounds "11"]
[EventCountry "GER"]
[Source "Mike Rosa"]
[SourceDate "2009.01.01"]

1. e4 c5 2. Nf3 e6 3. d3 d6 4. c3 Nf6 5. Nbd2 g6 6. d4 cxd4 7. cxd4 Bg7 8. Bd3
O-O 9. O-O b6 10. b4 Bb7 11. Re1 Nh5 12. Bb2 Nc6 13. a3 Ne7 14. Rc1 Qd7 15. g3
Rfc8 16. Qe2 Nf6 17. e5 Ne8 18. Ne4 Rxc1 19. Rxc1 Rc8 20. Rxc8 Nxc8 21. h4 Ne7
22. h5 Bc6 23. b5 Bd5 24. hxg6 hxg6 25. a4 Nf5 26. Ba3 dxe5 27. dxe5 Bb7 28.
Bb2 Qd5 29. Qc2 Qd8 30. Ned2 Nc7 31. Be4 Nd5 32. Ba3 Bf8 33. Qb3 Bxa3 34. Qxa3
Qc7 35. Bxf5 gxf5 36. Qd6 Qc8 37. Nd4 Qc1+ 38. Nf1 Qc7 39. Nc6 Qxd6 40. exd6
Bc8 41. Nxa7 Bd7 42. Nc6 Kf8 43. Ne5 Ke8 44. Nc4 f6 45. Nfe3 Nc3 46. Nxb6 Nxa4
47. Nxa4 Bxb5 48. Nc5 Kf7 49. f4 Bc6 50. Kf2 e5 51. Nxf5 exf4 52. gxf4 Bb5 53.
Nd4 Be8 54. Ke3 Kg6 55. Nde6 Kf7 56. Nc7 Bc6 57. f5 Kg7 58. Kd4 Kh6 59. N5e6
Bd7 60. Nd5 Bc8 1-0

[Event "CCM2 - 9. ORDIX Open"]
[Site "Mainz"]
[Date "2002.??.??"]
[Round "9"]
[White "Sasikiran, Krishnan"]
[Black "Fridman, Daniel"]
[Result "1/2-1/2"]
[WhiteElo "2650"]
[BlackElo "2571"]
[PlyCount "33"]
[EventDate "2002.??.??"]
[EventType "tourn (rapid)"]
[EventRounds "11"]
[EventCountry "GER"]
[Source "Mike Rosa"]
[SourceDate "2009.01.01"]

1. Nf3 d5 2. g3 Nf6 3. Bg2 g6 4. O-O Bg7 5. d4 c6 6. Bf4 O-O 7. Qc1 Bf5 8. c4
Na6 9. Rd1 Rc8 10. Ne5 dxc4 11. Nxc4 Nb4 12. Nc3 Be6 13. Ne5 Nfd5 14. a3 Nxf4
15. gxf4 Nd5 16. Ne4 Rc7 17. e3 1/2-1/2

[Event "CCM2 - 9. ORDIX Open"]
[Site "Mainz"]
[Date "2002.??.??"]
[Round "9"]
[White "Vaganian, Rafael"]
[Black "Meijers, Viesturs"]
[Result "1-0"]
[WhiteElo "2667"]
[BlackElo "2475"]
[PlyCount "91"]
[EventDate "2002.??.??"]
[EventType "tourn (rapid)"]
[EventRounds "11"]
[EventCountry "GER"]
[Source "Mike Rosa"]
[SourceDate "2009.01.01"]

1. Nf3 Nf6 2. c4 e6 3. Nc3 d5 4. d4 Be7 5. Bg5 Nbd7 6. e3 O-O 7. Rc1 b6 8. cxd5
exd5 9. Bd3 Bb7 10. O-O a6 11. Qe2 Re8 12. Rfd1 Bd6 13. Bf5 Nf8 14. Qc2 Ng6 15.
Qb3 h6 16. Bxf6 Qxf6 17. Bh3 Rad8 18. Ne2 Ne7 19. Qc3 h5 20. Ne5 Ng6 21. f4 Nf8
22. Qb3 g5 23. g3 g4 24. Bg2 Qe6 25. Kf2 c5 26. Qxb6 Rb8 27. dxc5 Bxe5 28. Qxe6
Rxe6 29. fxe5 Bc6 30. b3 Rxe5 31. Nd4 Ba8 32. c6 Ne6 33. Rc3 Rc8 34. Rdc1 Kf8
35. b4 Ke7 36. a4 Kd6 37. b5 Kc7 38. Rb1 axb5 39. Nxb5+ Kd8 40. Nd6 Rc7 41.
Rb8+ Ke7 42. Nc8+ Kf6 43. Rxa8 d4 44. exd4 Nxd4 45. Nb6 Rce7 46. Nd5+ 1-0

[Event "CCM2 - 9. ORDIX Open"]
[Site "Mainz"]
[Date "2002.??.??"]
[Round "10"]
[White "Bologan, Viktor"]
[Black "Glek, Igor"]
[Result "1/2-1/2"]
[WhiteElo "2631"]
[BlackElo "2591"]
[PlyCount "73"]
[EventDate "2002.??.??"]
[EventType "tourn (rapid)"]
[EventRounds "11"]
[EventCountry "GER"]
[Source "Mike Rosa"]
[SourceDate "2009.01.01"]

1. e4 e6 2. d4 d5 3. Nc3 Nf6 4. e5 Nfd7 5. f4 c5 6. Nf3 Nc6 7. Ne2 b5 8. a3 Rb8
9. c3 a5 10. dxc5 Nxc5 11. Ned4 Nxd4 12. Nxd4 Bd7 13. Bd3 Qh4+ 14. g3 Nxd3+ 15.
Qxd3 Qh3 16. b4 Be7 17. Qf1 Qxf1+ 18. Rxf1 a4 19. Be3 f5 20. Kd2 h5 21. Rg1 Kf7
22. Nf3 Rbc8 23. Bd4 Rcg8 24. Be3 Rc8 25. h3 g6 26. Rg2 Rcg8 27. Rag1 Bc6 28.
Nd4 Bd7 29. Ke2 g5 30. fxg5 Bxg5 31. Bxg5 Rxg5 32. Ke3 Rc8 33. Kf4 Rg7 34. Rc2
Ke7 35. Nf3 Rc4+ 36. Nd4 Rc8 37. Nf3 1/2-1/2

[Event "CCM2 - 9. ORDIX Open"]
[Site "Mainz"]
[Date "2002.??.??"]
[Round "10"]
[White "Dautov, Rustem"]
[Black "Vaganian, Rafael"]
[Result "0-1"]
[WhiteElo "2614"]
[BlackElo "2667"]
[PlyCount "130"]
[EventDate "2002.??.??"]
[EventType "tourn (rapid)"]
[EventRounds "11"]
[EventCountry "GER"]
[Source "Mike Rosa"]
[SourceDate "2009.01.01"]

1. d4 Nf6 2. c4 e6 3. Nf3 d5 4. Nc3 Be7 5. Bg5 h6 6. Bh4 O-O 7. e3 b6 8. Bd3
Bb7 9. O-O Nbd7 10. Qe2 Ne4 11. Bxe7 Qxe7 12. cxd5 exd5 13. Rfd1 Nxc3 14. bxc3
Nf6 15. a4 c5 16. Nd2 a6 17. Rdb1 Qc7 18. Nf3 c4 19. Bc2 Bc6 20. Nd2 b5 21. f3
Rae8 22. axb5 axb5 23. Nf1 Re6 24. Qe1 Rfe8 25. Qg3 Qe7 26. Kh1 Nh5 27. Qf2 g6
28. g4 Nf6 29. Qh4 Kg7 30. Qf2 Rxe3 31. Nxe3 Qxe3 32. Qxe3 Rxe3 33. Ra3 Rxf3
34. Kg1 Nxg4 35. Bd1 Rf4 36. Bxg4 Rxg4+ 37. Kf2 Rh4 38. Kg2 Re4 39. Ra7 Re2+
40. Kg1 g5 41. Rc7 Be8 42. Ra1 Kg6 43. Raa7 Re6 44. Rc5 Rd6 45. Ra8 Bd7 46. Rd8
Kf6 47. Rxb5 Ke7 48. Rbb8 Ra6 49. Ra8 Rg6 50. Rdb8 Be6 51. Rg8 Rxg8 52. Rxg8
Kf6 53. Kf2 Kf5 54. Rh8 Ke4 55. Rxh6 Kd3 56. h4 Kxc3 57. h5 Kd2 58. Rf6 c3 59.
h6 Bf5 60. Rxf5 c2 61. h7 c1=Q 62. Kg2 Qe1 63. h8=Q Qe4+ 64. Rf3 g4 65. Qh6+
Ke2 0-1

[Event "CCM2 - 9. ORDIX Open"]
[Site "Mainz"]
[Date "2002.??.??"]
[Round "10"]
[White "Fridman, Daniel"]
[Black "Georgiev, Kiril"]
[Result "0-1"]
[WhiteElo "2571"]
[BlackElo "2660"]
[PlyCount "99"]
[EventDate "2002.??.??"]
[EventType "tourn (rapid)"]
[EventRounds "11"]
[EventCountry "GER"]
[Source "Mike Rosa"]
[SourceDate "2009.01.01"]

1. d4 Nf6 2. Nf3 c5 3. e3 b6 4. c4 g6 5. Nc3 Bg7 6. Be2 O-O 7. O-O e6 8. b3 d6
9. Bb2 Bb7 10. Qc2 Qe7 11. Rad1 Rd8 12. a3 Nbd7 13. Rfe1 a6 14. Qb1 Rac8 15.
Ba1 d5 16. cxd5 exd5 17. Na4 h6 18. Rc1 Qe6 19. dxc5 bxc5 20. Bf1 Re8 21. Bb2
Bf8 22. Nd2 Bd6 23. h3 Bb8 24. Nf3 Qd6 25. Bd3 d4 26. e4 Qf4 27. Rcd1 Bxe4 28.
Bc1 Qf5 29. Bxe4 Nxe4 30. b4 Ba7 31. bxc5 Ndxc5 32. Nxc5 Bxc5 33. Bxh6 d3 34.
Qb2 f6 35. Qb3+ Kh7 36. Be3 Rc7 37. Qxd3 Rce7 38. Bxc5 Qxc5 39. Qe3 Qa5 40. Rd4
f5 41. Red1 Qc7 42. Qc1 Nc3 43. Ng5+ Kg8 44. Qa1 Ne2+ 45. Kf1 Qh2 46. Qa2+ Kf8
47. Re4 fxe4 48. Kxe2 Qxg2 49. Qd2 e3 50. Ra1 0-1

[Event "CCM2 - 9. ORDIX Open"]
[Site "Mainz"]
[Date "2002.??.??"]
[Round "10"]
[White "Svidler, Peter"]
[Black "Pigusov, Evgeny"]
[Result "1-0"]
[WhiteElo "2750"]
[BlackElo "2622"]
[PlyCount "78"]
[EventDate "2002.??.??"]
[EventType "tourn (rapid)"]
[EventRounds "11"]
[EventCountry "GER"]
[Source "Mike Rosa"]
[SourceDate "2009.01.01"]

1. e4 c5 2. Nf3 Nc6 3. d4 cxd4 4. Nxd4 g6 5. Nc3 Bg7 6. Be3 Nf6 7. Bc4 O-O 8.
Bb3 d6 9. f3 Nxd4 10. Bxd4 Be6 11. Qd2 Rc8 12. O-O-O Bxb3 13. cxb3 Rc6 14. Kb1
Qd7 15. g4 Rfc8 16. h4 h6 17. g5 Nh5 18. Bxg7 Nxg7 19. gxh6 Nh5 20. Rhg1 Qe6
21. f4 Rxc3 22. bxc3 Qxe4+ 23. Kb2 Qxf4 24. Qe2 Qxh4 25. Rxg6+ fxg6 26. Qe6+
Kh7 27. Qxc8 Qf2+ 28. Ka3 Qe2 29. Rd4 Ng3 30. Qxb7 Nf5 31. Rc4 g5 32. Qxa7 g4
33. Qd7 Qf3 34. Rc8 Kxh6 35. Rg8 Kh5 36. Qe6 Kh4 37. Qg6 Qe4 38. Rf8 e6 39. Re8
Ne3 1-0

[Event "CCM2 - 9. ORDIX Open"]
[Site "Mainz"]
[Date "2002.??.??"]
[Round "11"]
[White "Chuchelov, Vladimir"]
[Black "Dautov, Rustem"]
[Result "1/2-1/2"]
[WhiteElo "2593"]
[BlackElo "2614"]
[PlyCount "119"]
[EventDate "2002.??.??"]
[EventType "tourn (rapid)"]
[EventRounds "11"]
[EventCountry "GER"]
[Source "Mike Rosa"]
[SourceDate "2009.01.01"]

1. Nf3 d5 2. d4 Nf6 3. c4 c6 4. Nc3 a6 5. e3 b5 6. b3 Bg4 7. Be2 e6 8. O-O Nbd7
9. h3 Bh5 10. Ne5 Bxe2 11. Nxe2 Bd6 12. Bb2 Qc7 13. cxd5 cxd5 14. Rc1 Qb8 15.
Nc6 Qb6 16. Qd2 O-O 17. Qa5 Qxa5 18. Nxa5 Rfc8 19. f3 Kf8 20. Kf2 Ke8 21. g4
Bb4 22. Nc6 Bd2 23. Rc2 Nb8 24. Rxd2 Nxc6 25. Nf4 a5 26. g5 Nd7 27. e4 Nb6 28.
Rc1 b4 29. Rc5 Ne7 30. Rb5 Rcb8 31. Rc2 Nd7 32. Rxb8+ Rxb8 33. Ke3 Kd8 34. h4
Rb5 35. Rg2 g6 36. Rc2 Nb8 37. Nd3 Nd7 38. Bc1 Rb7 39. Bd2 Rc7 40. Rxc7 Kxc7
41. Be1 Kb6 42. Bg3 Nc8 43. Nf2 Na7 44. Ng4 Nb5 45. Be1 Kc6 46. Kd3 Kd6 47. Bd2
Ke7 48. Bf4 Kd8 49. Ne3 Nb6 50. Be5 Ke8 51. Ng4 Nd7 52. Bf6 Nd6 53. Be5 Nb5 54.
Bf4 Ke7 55. Ne3 Nb6 56. Be5 Ke8 57. Bf6 Nd6 58. Ng4 Nd7 59. Be5 Nb5 60. Bf4
1/2-1/2